Baby animals / (Record no. 292010)
[ view plain ]
| 000 -LEADER | |
|---|---|
| fixed length control field | 00513nam a2200193Ia 4500 |
| 008 - FIXED-LENGTH DATA ELEMENTS--GENERAL INFORMATION | |
| fixed length control field | 160319s9999 xx 000 0 und d |
| 020 ## - INTERNATIONAL STANDARD BOOK NUMBER | |
| International Standard Book Number | 9780439867979 |
| 050 ## - LIBRARY OF CONGRESS CALL NUMBER | |
| Classification number | 590 |
| 050 ## - LIBRARY OF CONGRESS CALL NUMBER | |
| Item number | W286b 1996 |
| 100 ## - MAIN ENTRY--PERSONAL NAME | |
| Personal name | Warren, Elizabeth Warren. |
| 245 ## - TITLE STATEMENT | |
| Title | Baby animals / |
| 245 ## - TITLE STATEMENT | |
| Statement of responsibility, etc | written by Elizabeth Warren ; illustrated by Peter Barrett. |
| 260 ## - PUBLICATION, DISTRIBUTION, ETC. (IMPRINT) | |
| Place of publication, distribution, etc | New York : |
| 260 ## - PUBLICATION, DISTRIBUTION, ETC. (IMPRINT) | |
| Name of publisher, distributor, etc | Scholastic, |
| 260 ## - PUBLICATION, DISTRIBUTION, ETC. (IMPRINT) | |
| Date of publication, distribution, etc | 1996 |
| 300 ## - PHYSICAL DESCRIPTION | |
| Extent | 46 pages : |
| 300 ## - PHYSICAL DESCRIPTION | |
| Other physical details | color illustrations ; |
| 440 ## - SERIES STATEMENT/ADDED ENTRY--TITLE | |
| Title | I can read about. |
| Withdrawn status | Lost status | Damaged status | Home library | Current library | Shelving location | Date acquired | Total Checkouts | Full call number | Barcode | Date last seen | Price effective from | Koha item type |
|---|---|---|---|---|---|---|---|---|---|---|---|---|
| Stonyhurst Southville International School (Batangas) | Stonyhurst Southville International School (Batangas) | Grade School Section | 03/19/2016 | 590 .W286b 1996 | LS- 3816 | 03/19/2016 | 03/19/2016 | Books |